000 00464pab a2200181 454500
008 180718b2005 xxu||||| |||| 00| 0 eng d
100 _aSpencer, Strahan
245 _aMaking the financial sector work for the poor
260 _c2005
300 _ap.657-75.
362 _aMay
650 _aFinancial administration
650 _aEconomic growth
650 _aPoverty
700 _aWood, Adrian
773 _aJournal of Development Studies
909 _a65325
999 _c65325
_d65325